| Tag |
First Indicator |
Second Indicator |
Subfields |
| LEADER |
00000cam a2200000Ka 4500 |
| 001 |
in00002871007 |
| 006 |
m o d |
| 007 |
cr cnu---unuuu |
| 008 |
121007s2012 enka ob 001 0 eng d |
| 005 |
20250816213418.3 |
| 019 |
|
|
|a 793946462
|a 817928009
|
| 020 |
|
|
|a 9781139233972 (electronic bk.)
|
| 020 |
|
|
|a 1139233971 (electronic bk.)
|
| 020 |
|
|
|z 9781107021372
|
| 020 |
|
|
|z 1107021375
|
| 020 |
|
|
|z 9781107662568
|
| 020 |
|
|
|z 1107662567
|
| 020 |
|
|
|a 9781139108836 (electronic bk.)
|
| 020 |
|
|
|a 1139108832 (electronic bk.)
|
| 024 |
8 |
|
|a 9786613571335
|
| 035 |
|
|
|a (OCoLC)ocn794002112
|
| 035 |
|
|
|a (NhCcYBP)ebr10559481
|
| 035 |
|
|
|a (OCoLC)794002112
|z (OCoLC)793946462
|z (OCoLC)817928009
|
| 037 |
|
|
|a 357133
|b MIL
|
| 040 |
|
|
|a N$T
|c N$T
|d CDX
|d OCLCO
|d E7B
|d OCLCQ
|d CAMBR
|d OCLCQ
|d TXA
|d UtOrBLW
|
| 043 |
|
|
|a e------
|
| 049 |
|
|
|a TXAM
|
| 050 |
|
4 |
|a KJE947
|b .P49 2012eb
|
| 072 |
|
7 |
|a LAW
|x 051000
|2 bisacsh
|
| 082 |
0 |
4 |
|a 341.242/2
|2 23
|
| 084 |
|
|
|a LAW051000
|2 bisacsh
|
| 100 |
1 |
|
|a Piris, Jean-Claude.
|
| 245 |
1 |
4 |
|a The future of Europe :
|b towards a two-speed EU? /
|c Jean-Claude Piris.
|
| 264 |
|
1 |
|a Cambridge, UK ;
|a New York :
|b Cambridge University Press,
|c 2012.
|
| 300 |
|
|
|a 1 online resource (x, 166 pages) :
|b illustrations
|
| 336 |
|
|
|a text
|b txt
|2 rdacontent
|
| 337 |
|
|
|a computer
|b c
|2 rdamedia
|
| 338 |
|
|
|a online resource
|b cr
|2 rdacarrier
|
| 520 |
|
|
|a "The European Union is in crisis. Public unease with the project, Euro problems and dysfunctional institutions give rise to the real danger that the European Union will become increasing irrelevant just as its member states face more and more challenges of a globalised world. Jean-Claude Piris, a leading figure in the conception and drafting of the EU's legal structures, tackles the issues head on with a sense of urgency and with candour. The book works through the options available in light of the economic and political climate, assessing their effectiveness. By so doing, the author reaches the (for some) radical conclusion that the solution is to permit 'two-speed' development: allowing an inner core to move towards closer economic and political union, which will protect the Union as a whole. Compelling, critical and current, this book is essential reading for all those interested in the future of Europe"--
|c Provided by publisher.
|
| 504 |
|
|
|a Includes bibliographical references (pages 149-159) and index.
|
| 505 |
0 |
|
|a Introduction -- The continuing need for a strong European Union in the foreseeable future -- An assessment of the present situation of the European Union -- First option : substantially revising the European Union treaties -- Second option : continuing on the present path while developing further closer cooperation -- Third option : politically progressing towards a two-speed Europe -- Fourth option : legally building a two-speed Europe -- Conclusion.
|
| 588 |
|
|
|a Description based on print version record.
|
| 500 |
|
|
|a Electronic resource.
|
| 610 |
2 |
0 |
|a European Union.
|
| 610 |
2 |
0 |
|a European Union
|x International cooperation.
|
| 651 |
|
0 |
|a European Union countries
|x Politics and government
|y 21st century.
|
| 650 |
|
7 |
|a LAW / International.
|2 bisacsh
|
| 655 |
|
7 |
|a Electronic books.
|2 local
|
| 710 |
2 |
|
|a ebrary, Inc.
|
| 776 |
0 |
8 |
|i Print version:
|a Piris, Jean-Claude.
|t Future of Europe.
|d Cambridge, UK ; New York : Cambridge University Press, 2012
|z 9781107021372
|w (DLC) 2011042602
|w (OCoLC)756281135
|
| 856 |
4 |
0 |
|u https://ebookcentral.proquest.com/lib/tamucs/detail.action?docID=866891
|y Connect to the full text of this electronic book
|t 0
|
| 948 |
|
|
|a cataloged
|b h
|c 2013/6/17
|d c
|e jlanham
|f 2:24:25 pm
|
| 994 |
|
|
|a C0
|b TXA
|
| 999 |
f |
f |
|s 476892fc-1e63-3bb2-953b-5f515db56f0c
|i da3301f6-8a64-3d90-9906-61563871776c
|t 0
|
| 999 |
|
|
|a MARS
|
| 952 |
f |
f |
|a Texas A&M University
|b College Station
|c Electronic Resources
|d Available Online
|t 0
|e KJE947 .P49 2012eb
|h Library of Congress classification
|
| 998 |
f |
f |
|a KJE947 .P49 2012eb
|t 0
|l Available Online
|